| 000 | 01283cam a2200229 4500 | ||
|---|---|---|---|
| 001 | ABS65752 | ||
| 008 | 020805n2002 000 0 eng u | ||
| 035 | _a(Sirsi) u119176 | ||
| 100 | _aMcMillan, A. | ||
| 245 | _aDisability Discrimination Act | ||
| 260 | _c2002 | ||
| 490 |
_aProperty Law _v(58) July 2002, 2-5(4) |
||
| 520 | _aOverview of new Code of Practice commencing May 27, 2002, which sets out duties placed by Part III of the Disability Discrimination Act 1995 on service providers. Explains three stages in which these duties are being introduced; which services are covered by the Act and into which three main areas the duty to make reasonable adjustments for the disabled falls. Also provides Disability Discrimination Checklist. Code of Practice is at www.drc-gb.org and further information can be found at www.disability.gov.uk | ||
| 590 | _aABS | ||
| 650 | _aACCESSIBLE BUILDINGS | ||
| 650 | _aDISABILITY DISCRIMINATION ACT 1995 | ||
| 650 | _aMANAGEMENT-BUSINESS MANAGEMENT-DISCRIMINATION-DISABILITY DISCRIMINATION-ACCESSIBILITY | ||
| 690 | _aLAW | ||
| 856 |
_uhttps://www.drc-gb.org _zCode of Practice available online on Disability Rights Commission's web site |
||
| 856 |
_uhttps://www.disability.gov.uk/ _zDisability.gov.uk web site |
||
| 942 | _n0 | ||
| 999 |
_c70894 _d70894 |
||